[Event "Bayern-chI Bank Hofmann 26th"]
[Site "Tegernsee"]
[Date "2023.10.31"]
[Round "4"]
[White "Oyberman, Iliia"]
[Black "Garner, Isaac"]
[Result "0-1"]
[WhiteElo "1638"]
[BlackElo "2309"]
[PlyCount "106"]
[EventDate "2023.10.28"]
[EventType "swiss"]
[EventRounds "9"]
[EventCountry "GER"]
[SourceTitle "Mega2024 Update 01"]
[Source "Chessbase"]
[SourceDate "2023.11.12"]
[SourceVersion "1"]
[SourceVersionDate "2023.11.12"]
[SourceQuality "1"]

1. d4 Nf6 2. Bf4 d5 3. e3 c5 4. c3 Nc6 5. Nd2 e6 6. Ngf3 Nh5 7. Bg3 Nxg3 8. hxg3 Be7 9. Bd3 g6 10. Qe2 Qb6 11. 0-0-0 Bd7 12. Rh2 Rc8 13. Bc2 Qa5 14. Rdh1 Qxa2 15. Rxh7 Rf8 16. Rh8 cxd4 17. exd4 a5 18. Rxf8+ Bxf8 19. Rh8 a4 20. Nb1 Na5 21. Nfd2 Nc4 22. Nxc4 Qxc4 23. Qxc4 Rxc4 24. b3 axb3 25. Bxb3 Rc7 26. Kb2 Ke7 27. Nd2 Bg7 28. Rh1 Be8 29. Re1 Kf8 30. Nf3 b5 31. Ne5 Rb7 32. Nd3 b4 33. Nxb4 Bxd4 34. cxd4 Rxb4 35. Kc3 Rb7 36. Rc1 Bb5 37. Bd1 Bf1 38. Bf3 Bc4 39. Kd2 Rb3 40. Rc3 Rb4 41. g4 g5 42. g3 f6 43. Ke3 Ke7 44. Ra3 Kd6 45. Bd1 Rb1 46. Kd2 e5 47. Kc2 Rb8 48. Kc3 Rc8 49. dxe5+ fxe5 50. Kd2 Rf8 51. f3 Rh8 52. Ke3 Rh2 53. Ra8 d4+ 0-1

[Event "Brasov GP RO"]
[Site "Brasov"]
[Date "2023.07.16"]
[Round "1"]
[White "Filip, Lucian Ioan"]
[Black "Oyberman, Iliia"]
[Result "1/2-1/2"]
[WhiteElo "2345"]
[BlackElo "1536"]
[PlyCount "63"]
[EventDate "2023.07.16"]
[EventType "swiss"]
[EventRounds "9"]
[EventCountry "ROU"]
[SourceTitle "CBM 215 Extra"]
[Source "ChessBase"]
[SourceDate "2023.09.30"]
[SourceVersion "1"]
[SourceVersionDate "2023.09.30"]
[SourceQuality "1"]

1. Nf3 g6 2. d4 Bg7 3. c4 d6 4. Nc3 Nd7 5. e4 e5 6. Be2 Ne7 7. h4 h6 8. h5 g5 9. d5 f5 10. exf5 Nxf5 11. g4 Nd4 12. Nxd4 exd4 13. Nb5 0-0 14. Nxd4 Qf6 15. Be3 Ne5 16. 0-0 c5 17. dxc6 bxc6 18. f3 a6 19. c5 dxc5 20. Nb3 c4 21. Nc5 Be6 22. Ne4 Qf7 23. Qc2 Bd5 24. Nd6 Qe6 25. Nf5 Nd3 26. Bxd3 cxd3 27. Qxd3 Bc4 28. Nxg7 Kxg7 29. Qc3+ Kg8 30. Bc5 Rfe8 31. Rfe1 Qf7 32. b3 1/2-1/2